000 00731nam a22002057a 4500
999 _c60997
_d60997
005 20231205120314.0
008 231205s1994 ru ||||| |||| 00| 0 rus d
020 _a5751900189
041 _arus
080 _a94(37) M-25
100 _aМаркс, Энтони
_920582
245 _aРимляне /
_cЭнтони Маркс, Грэхэм Тинджей.
264 _aМосква :
_bРосмэн,
_c1994.
300 _a96 с.:
_bил.;
_c27 см.
440 _aИллюстрированная мировая история
_920579
653 _aრომის იმპერია
653 _aისტორია
700 _aТинджей, Грэхэм
_eავტორი
_920583
942 _2udc
_cᲬᲘᲒᲜᲘ